<?xml version="1.0" encoding="UTF-8"?><?xml-stylesheet type="text/xsl" href="static/style.xsl"?><OAI-PMH xmlns="http://www.openarchives.org/OAI/2.0/" xmlns:xsi="http://www.w3.org/2001/XMLSchema-instance" xsi:schemaLocation="http://www.openarchives.org/OAI/2.0/ http://www.openarchives.org/OAI/2.0/OAI-PMH.xsd"><responseDate>2026-04-13T07:38:00Z</responseDate><request verb="GetRecord" identifier="oai:www.recercat.cat:2445/131760" metadataPrefix="marc">https://recercat.cat/oai/request</request><GetRecord><record><header><identifier>oai:recercat.cat:2445/131760</identifier><datestamp>2025-12-05T16:56:03Z</datestamp><setSpec>com_2072_1057</setSpec><setSpec>col_2072_478823</setSpec><setSpec>col_2072_478904</setSpec><setSpec>col_2072_478917</setSpec></header><metadata><record xmlns="http://www.loc.gov/MARC21/slim" xmlns:dcterms="http://purl.org/dc/terms/" xmlns:xsi="http://www.w3.org/2001/XMLSchema-instance" xmlns:doc="http://www.lyncode.com/xoai" xsi:schemaLocation="http://www.loc.gov/MARC21/slim http://www.loc.gov/standards/marcxml/schema/MARC21slim.xsd">
   <leader>00925njm 22002777a 4500</leader>
   <datafield ind2=" " ind1=" " tag="042">
      <subfield code="a">dc</subfield>
   </datafield>
   <datafield ind2=" " ind1=" " tag="720">
      <subfield code="a">Kleidis, Kostas</subfield>
      <subfield code="e">author</subfield>
   </datafield>
   <datafield ind2=" " ind1=" " tag="720">
      <subfield code="a">Kuiroukidis, Apostolos</subfield>
      <subfield code="e">author</subfield>
   </datafield>
   <datafield ind2=" " ind1=" " tag="720">
      <subfield code="a">Papadopoulos, Demetrios B.</subfield>
      <subfield code="e">author</subfield>
   </datafield>
   <datafield ind2=" " ind1=" " tag="720">
      <subfield code="a">Verdaguer Oms, Enric, 1950-</subfield>
      <subfield code="e">author</subfield>
   </datafield>
   <datafield ind2=" " ind1=" " tag="260">
      <subfield code="c">2019-04-08T10:57:40Z</subfield>
   </datafield>
   <datafield ind2=" " ind1=" " tag="260">
      <subfield code="c">2019-04-08T10:57:40Z</subfield>
   </datafield>
   <datafield ind2=" " ind1=" " tag="260">
      <subfield code="c">2011-12-23</subfield>
   </datafield>
   <datafield ind2=" " ind1=" " tag="260">
      <subfield code="c">2019-04-08T10:57:40Z</subfield>
   </datafield>
   <datafield ind2=" " ind1=" " tag="520">
      <subfield code="a">In a previous paper [K. Kleidis, D. B. Papadopoulos, E. Verdaguer, and L. Vlahos, Phys. Rev. D 78, 024027 (2008).] we considered the possibility that (within the early-radiation epoch) there has been (also) a short period of a significant presence of cosmic strings. During this radiation-plus-strings stage the Universe matter-energy content can be modeled by a two-component fluid, consisting of radiation (dominant) and a cosmic-string fluid (subdominant). It was found that, during this stage, the cosmological gravitational waves that had been produced in an earlier (inflationary) epoch with comoving wave numbers below a critical value (which depends on the physics of the cosmic-string network) were filtered, leading to a distorsion in the expected (scale-invariant) cosmological gravitational wave power spectrum. In any case, the cosmological evolution gradually results in the scaling of any long-cosmic-string network and, hence, after a short time interval, the Universe enters into the late-radiation era. However, along the transition from an early-radiation epoch to the late-radiation era through the radiation-plus-strings stage, the time dependence of the cosmological scale factor is modified, something that leads to a discontinuous change of the corresponding scalar curvature, which, in turn, triggers the quantum-mechanical creation of gravitons. In this paper we discuss several aspects of such a process, and, in particular, the observational consequences on the expected gravitational-wave power spectrum.</subfield>
   </datafield>
   <datafield tag="653" ind2=" " ind1=" ">
      <subfield code="a">Gravitació</subfield>
   </datafield>
   <datafield tag="653" ind2=" " ind1=" ">
      <subfield code="a">Cosmologia</subfield>
   </datafield>
   <datafield tag="653" ind2=" " ind1=" ">
      <subfield code="a">Gravitation</subfield>
   </datafield>
   <datafield tag="653" ind2=" " ind1=" ">
      <subfield code="a">Cosmology</subfield>
   </datafield>
   <datafield ind2="0" ind1="0" tag="245">
      <subfield code="a">Graviton production in the scaling of a long-cosmic-string network</subfield>
   </datafield>
</record></metadata></record></GetRecord></OAI-PMH>